Joji - ATTENTION - Lyrics - Statistics

General Stats
  • This quiz has been taken 22 times
  • The average score is 126 of 180
Answer Stats
Hint Answer % Correct
a
100%
you
100%
you,
100%
hate
89%
I
89%
If
89%
if
89%
me
89%
Now
89%
Chorus Now,
89%
so
89%
So
89%
would
89%
afraid
78%
attention?
78%
bit
78%
Verse 1 Girl
78%
gods
78%
gonna
78%
hell
78%
hurt
78%
I'm
78%
it
78%
just
78%
kill
78%
lesson
78%
like
78%
little
78%
my
78%
of
78%
quick
78%
ran
78%
teach
78%
to
78%
Pre-Chorus Can
67%
could
67%
dawn
67%
dusk
67%
dust
67%
eat
67%
from
67%
goodbye
67%
In
67%
in
67%
said
67%
the
67%
throw
67%
'til
67%
When
67%
wind
67%
your
67%
be
56%
boys
56%
cry
56%
do
56%
don't
56%
liked
56%
never
56%
not
56%
not?
56%
Over
56%
over
56%
time
56%
waste
56%
and
44%
for
44%
indifferent
44%
keep
44%
know
44%
light
44%
listen
44%
obvious?
44%
shit
44%
smile
44%
That
44%
vocalize
44%
as
33%
die
33%
Got
33%
much
33%
nobody
33%
wanna
33%
weird
33%
young
33%
But
22%
camera
22%
comes
22%
cryptic
22%
I'd
22%
off
22%
Only
22%
thought
22%
will
22%
traumas
0%
No matching quizzes found
Score Distribution
Percent of People with Each Score
Percentile by Number Answered
Your Score History
You have not taken this quiz